Влияние депрессорных присадок на реологические свойства нефтей; Химия и химическая технология в XXI веке

Detalles Bibliográficos
Parent link:Химия и химическая технология в XXI веке.— 2009.— С. 227-228
Autor principal: Коростин Е. Н.
Otros Autores: Бешагина Е. В. Евгения Владимировна (научный руководитель), Бешагина Е. В.
Lenguaje:ruso
Publicado: 2009
Materias:
Formato: Capítulo de libro
KOHA link:https://koha.lib.tpu.ru/cgi-bin/koha/opac-detail.pl?biblionumber=173192

MARC

LEADER 00000naa2a2200000 4500
001 173192
005 20240112144025.0
035 |a (RuTPU)RU\TPU\book\187851 
090 |a 173192 
100 |a 20091221d2009 k y0rusy50 ca 
101 0 |a rus 
102 |a RU 
200 1 |a Влияние депрессорных присадок на реологические свойства нефтей  |f Е. Н. Коростин, Е. В. Бешагина  |g науч. рук. Е. В. Бешагина 
320 |a Библиогр.: 4 назв. 
463 0 |0 (RuTPU)RU\TPU\book\176321  |t Химия и химическая технология в XXI веке  |o X Юбилейная всероссийская научно-практическая конференция студентов и аспирантов, г. Томск, 13-15 мая 2009 г.  |f Томский политехнический университет (ТПУ) ; Химия и химическая технология в XXI веке  |v С. 227-228  |d 2009  |p 322 с. 
610 1 |a нефть 
610 1 |a депрессорные присадки 
610 1 |a парафиновые углеводороды 
610 1 |a реологические свойства 
610 1 |a труды учёных ТПУ 
700 1 |a Коростин  |b Е. Н. 
701 1 |a Бешагина  |b Е. В.  |c химик-технолог  |c доцент Томского политехнического университета, кандидат химических наук  |f 1983-  |g Евгения Владимировна  |3 (RuTPU)RU\TPU\pers\25265  |9 11298 
702 1 |a Бешагина  |b Е. В.  |4 727 
801 1 |a RU  |b 63413507  |c 20091221 
942 |c BK